[Event "LSS No Engine Cup Gr07 prel 02 email"]
[Site "LSS email"]
[Date "2009.09.24"]
[Round "?"]
[White "Campbell, Iain S"]
[Black "Primo, Maurizio"]
[Result "1-0"]
[WhiteElo "1583"]
[BlackElo "615"]
[PlyCount "63"]
[EventDate "2009.09.25"]
[EventType "tourn (corr)"]
[EventRounds "6"]
[EventCountry "GER"]
[SourceTitle "Telechess CBM 137"]
[Source "ChessBase"]
[SourceDate "2010.07.15"]
[SourceVersion "1"]
[SourceVersionDate "2010.07.15"]
[SourceQuality "1"]

1. e4 e5 2. Bc4 Nf6 3. d4 Nc6 4. dxe5 Nxe5 5. Be2 d5 6. f4 Nc4 7. b3 Bb4+ 8. c3 Nd6 9. cxb4 Ndxe4 10. Be3 b6 11. Nf3 0-0 12. 0-0 Ng4 13. Bd4 f6 14. h3 c5 15. bxc5 bxc5 16. hxg4 cxd4 17. Qxd4 Bxg4 18. Nc3 Ng3 19. Rfd1 Be6 20. Bb5 Qc7 21. Rac1 Qf7 22. Qf2 Qg6 23. Nxd5 Bxd5 24. Rxd5 Ne4 25. Qd4 Ng3 26. Bc4 Kh8 27. Re1 Rae8 28. Rxe8 Qxe8 29. Rd7 Qh5 30. Rd8 Qh1+ 31. Kf2 Nf5 32. Rxf8# 1-0

[Event "LSS No Engine Cup Gr07 prel 02 email"]
[Site "LSS email"]
[Date "2009.09.24"]
[Round "?"]
[White "Van Esbroeck, Jeff"]
[Black "Primo, Maurizio"]
[Result "1-0"]
[WhiteElo "1677"]
[BlackElo "605"]
[PlyCount "71"]
[EventDate "2009.09.25"]
[EventType "tourn (corr)"]
[EventRounds "6"]
[EventCountry "GER"]
[SourceTitle "Telechess CBM 137"]
[Source "ChessBase"]
[SourceDate "2010.07.15"]
[SourceVersion "1"]
[SourceVersionDate "2010.07.15"]
[SourceQuality "1"]

1. e4 e5 2. Nf3 Nc6 3. Bb5 Nf6 4. 0-0 Nxe4 5. Re1 f5 6. Bxc6 dxc6 7. Nc3 Qd6 8. d3 Nf6 9. Nxe5 Qd4 10. Nf3+ Qe4 11. Nxe4 fxe4 12. Bg5 h6 13. Bxf6 gxf6 14. Rxe4+ Be7 15. Nh4 h5 16. Ng6 Rg8 17. Qxh5 Bf5 18. Qxf5 Rxg6 19. Qxg6+ Kd7 20. Qf7 Rh8 21. Qxe7+ Kc8 22. Qxf6 Rd8 23. Qf5+ Kb8 24. h4 Rc8 25. Rae1 a6 26. Re8 Rxe8 27. Rxe8+ Ka7 28. Qc8 c5 29. Qa8+ Kb6 30. c4 Ka5 31. Qxb7 c6 32. Qc7+ Kb4 33. Rb8+ Ka4 34. Qxc6+ Ka5 35. Qxc5+ Ka4 36. Qb4# 1-0

[Event "LSS ZN-2009-0-00733"]
[Site "LSS email"]
[Date "2009.09.19"]
[Round "?"]
[White "Primo, Maurizio"]
[Black "Khlopov, Sergej"]
[Result "0-1"]
[WhiteElo "615"]
[BlackElo "800"]
[PlyCount "64"]
[EventDate "2009.09.14"]
[EventType "match (corr)"]
[EventRounds "2"]
[EventCountry "GER"]
[SourceTitle "Telechess CBM 137"]
[Source "ChessBase"]
[SourceDate "2010.07.15"]
[SourceVersion "1"]
[SourceVersionDate "2010.07.15"]
[SourceQuality "1"]

1. e4 e5 2. Nf3 d6 3. Nc3 Nf6 4. Bb5+ c6 5. Bc4 Bg4 6. h3 Bh5 7. g4 Bg6 8. Ng5 b5 9. Bb3 h6 10. Nf3 b4 11. Ne2 Nxe4 12. d3 Nc5 13. Qd2 a5 14. d4 Nxb3 15. cxb3 e4 16. Qe3 Be7 17. Nfg1 0-0 18. f3 d5 19. fxe4 Bh4+ 20. Kd1 Bxe4 21. Rh2 Re8 22. a3 c5 23. dxc5 Na6 24. Bd2 Qf6 25. Nf4 Qxb2 26. Rc1 d4 27. Be1 Qxh2 28. Bxh4 dxe3 29. Ke1 g5 30. Nfe2 gxh4 31. Rc2 Qf2+ 32. Kd1 Qf1# 0-1

[Event "LSS ZN-2009-0-00616"]
[Site "LSS email"]
[Date "2009.05.23"]
[Round "?"]
[White "Garcia, Sergio"]
[Black "Primo, Maurizio"]
[Result "0-1"]
[WhiteElo "800"]
[BlackElo "676"]
[PlyCount "50"]
[EventDate "2009.05.20"]
[EventType "match (corr)"]
[EventRounds "2"]
[EventCountry "GER"]
[SourceTitle "Corr 2011"]
[Source "ChessBase"]
[SourceDate "2010.08.31"]
[SourceVersion "1"]
[SourceVersionDate "2010.08.31"]
[SourceQuality "1"]

1. c4 e5 2. Nc3 Nf6 3. e4 c6 4. Nf3 Bd6 5. d3 Qe7 6. Bg5 h6 7. Bxf6 Qxf6 8. a3 Bc5 9. Be2 d6 10. 0-0 Be6 11. b4 Bd4 12. Nxd4 exd4 13. Na4 Nd7 14. f4 d5 15. e5 Qg6 16. Bh5 Qf5 17. cxd5 Bxd5 18. Qg4 Qxd3 19. Qxg7 0-0-0 20. Bxf7 Rh7 21. Qg6 Qe3+ 22. Rf2 Rxf7 23. Qxh6 Qe4 24. Raa2 Bxa2 25. Rxa2 Qe1# 0-1

[Event "LSS SN-2009-0-00150"]
[Site "LSS email"]
[Date "2009.04.25"]
[Round "?"]
[White "Primo, Maurizio"]
[Black "Lanier, Jeff"]
[Result "0-1"]
[WhiteElo "676"]
[BlackElo "730"]
[PlyCount "96"]
[EventDate "2009.04.12"]
[EventType "tourn (corr)"]
[EventRounds "6"]
[EventCountry "GER"]
[SourceTitle "Corr 2011"]
[Source "ChessBase"]
[SourceDate "2010.08.31"]
[SourceVersion "1"]
[SourceVersionDate "2010.08.31"]
[SourceQuality "1"]

1. e4 e5 2. Bc4 h6 3. Qf3 Nf6 4. d3 Nc6 5. Qf5 d6 6. Qf3 Nd4 7. Qd1 b5 8. Bd5 Nxd5 9. exd5 Bb7 10. c4 Be7 11. Nc3 a6 12. Nge2 b4 13. Qa4+ c6 14. Qxb4 Nc2+ 15. Kd1 Nxb4 16. Bd2 Nxd3 17. Be1 Nxe1 18. Rxe1 0-0 19. Ng3 Bg5 20. Nce4 cxd5 21. cxd5 Rc8 22. Ke2 Bxd5 23. Kf1 f5 24. Nc3 Bc4+ 25. Kg1 Bd2 26. Red1 Bxc3 27. bxc3 f4 28. Ne4 d5 29. Nd2 Bb5 30. a4 Bc6 31. Nb3 Qg5 32. Na5 Ba8 33. f3 Rxc3 34. Rf1 e4 35. Rab1 exf3 36. Rxf3 Rxf3 37. Nb3 Rb8 38. Nd2 Rxb1+ 39. Nxb1 Rd3 40. Kf1 Rd1+ 41. Ke2 Rxb1 42. Kd2 Qxg2+ 43. Kc3 Rd1 44. Kb4 Rc1 45. Ka5 Rb1 46. Kxa6 Qe2+ 47. Ka7 Qc2 48. Kxa8 Qxa4# 0-1

[Event "LSS OP-2009-0-00778"]
[Site "LSS email"]
[Date "2009.03.05"]
[Round "?"]
[White "Roggensack, Hans Peter"]
[Black "Primo, Maurizio"]
[Result "1-0"]
[WhiteElo "1900"]
[BlackElo "800"]
[PlyCount "51"]
[EventDate "2009.03.01"]
[EventType "tourn (corr)"]
[EventRounds "4"]
[EventCountry "GER"]
[SourceTitle "Corr 2022"]
[Source "ChessBase"]
[SourceDate "2021.10.24"]
[SourceVersion "1"]
[SourceVersionDate "2021.10.24"]
[SourceQuality "1"]

1. e4 e5 2. Nf3 d6 3. d4 Nc6 4. Bb5 a6 5. Bxc6+ bxc6 6. dxe5 Bg4 7. Bf4 f6 8. exd6 Bxd6 9. Bxd6 cxd6 10. Nbd2 Qa5 11. 0-0 Nh6 12. Nc4 Qc5 13. Nxd6+ Kf8 14. e5 fxe5 15. Ne4 Qb6 16. Qd6+ Kf7 17. Nxe5+ Ke8 18. Nxg4 Nxg4 19. Ng5 Ra7 20. Rae1+ Ne3 21. Rxe3+ Qxe3 22. fxe3 Rd7 23. Qb8+ Rd8 24. Qe5+ Kd7 25. Rf7+ Kc8 26. Qc7# 1-0

[Event "LSS ZN-2009-0-00548"]
[Site "LSS email"]
[Date "2009.02.17"]
[Round "?"]
[White "Primo, Maurizio"]
[Black "Meszaros, Attila Jr"]
[Result "1-0"]
[WhiteElo "800"]
[BlackElo "499"]
[PlyCount "105"]
[EventDate "2009.02.13"]
[EventType "match (corr)"]
[EventRounds "2"]
[EventCountry "GER"]
[SourceTitle "Corr 2011"]
[Source "ChessBase"]
[SourceDate "2010.08.31"]
[SourceVersion "1"]
[SourceVersionDate "2010.08.31"]
[SourceQuality "1"]

1. e4 c5 2. Bc4 e6 3. d3 Nf6 4. Nf3 Nc6 5. Nc3 Be7 6. Bf4 d6 7. e5 dxe5 8. Bxe5 Bd6 9. Qe2 Nxe5 10. Nxe5 Bxe5 11. Qxe5 0-0 12. Ne4 Nxe4 13. Qxe4 Qd4 14. c3 Qxe4+ 15. dxe4 e5 16. 0-0-0 Be6 17. Bb3 Bxb3 18. axb3 b6 19. h4 f6 20. h5 Rad8 21. Rde1 Rd6 22. Rd1 Rxd1+ 23. Kxd1 Rd8+ 24. Kc1 a5 25. g4 h6 26. f3 Rd3 27. Rf1 b5 28. Kc2 Rd6 29. Rd1 Rxd1 30. Kxd1 Kf7 31. Kc2 Ke6 32. c4 bxc4 33. bxc4 Kd6 34. Kb3 Kc6 35. Ka4 Kb6 36. b3 Ka6 37. Ka3 Kb6 38. Kb2 Ka6 39. Kc3 Kb6 40. Kd3 Ka6 41. Ke3 Kb6 42. f4 exf4+ 43. Kxf4 Kc7 44. Kf5 Kd7 45. Kg6 Ke6 46. Kxg7 Ke7 47. Kxh6 Kf7 48. g5 fxg5 49. Kxg5 Kg7 50. h6+ Kh7 51. e5 a4 52. bxa4 Kh8 53. a5 1-0

[Event "LSS RN-2009-0-00181"]
[Site "LSS email"]
[Date "2009.02.09"]
[Round "?"]
[White "Primo, Maurizio"]
[Black "Znak, Nicholas"]
[Result "0-1"]
[WhiteElo "800"]
[BlackElo "738"]
[PlyCount "106"]
[EventDate "2009.02.04"]
[EventType "tourn (corr)"]
[EventRounds "6"]
[EventCountry "GER"]
[SourceTitle "Corr 2011"]
[Source "ChessBase"]
[SourceDate "2010.08.31"]
[SourceVersion "1"]
[SourceVersionDate "2010.08.31"]
[SourceQuality "1"]

1. d4 d5 2. Bf4 Nf6 3. Nf3 Nc6 4. c3 Nh5 5. Bg3 Nxg3 6. fxg3 g6 7. g4 Bxg4 8. h3 Bf5 9. Qa4 Bg7 10. Ne5 Bxe5 11. dxe5 e6 12. Nd2 0-0 13. 0-0-0 g5 14. g4 Bg6 15. Bg2 Nxe5 16. Qd4 Nc6 17. Qe3 Qe7 18. Rdf1 a5 19. h4 f6 20. hxg5 fxg5 21. c4 Rxf1+ 22. Rxf1 d4 23. Qg3 Rf8 24. Rxf8+ Kxf8 25. e3 e5 26. Bxc6 bxc6 27. Nb3 d3 28. Qg2 Qd6 29. Qd2 e4 30. Nxa5 Qg3 31. b3 Qd6 32. Qf2+ Ke8 33. Kd2 Qb4+ 34. Kd1 Qxa5 35. Qb2 Kf7 36. b4 Qa4+ 37. Kc1 Ke6 38. Kb1 c5 39. a3 cxb4 40. axb4 Qd1+ 41. Ka2 Qe2 42. Ka3 Qxe3 43. c5 d2+ 44. Qb3+ Qxb3+ 45. Kxb3 e3 46. b5 d1Q+ 47. Kb4 Qxg4+ 48. Ka5 e2 49. b6 cxb6+ 50. Kxb6 e1Q 51. c6 Qb1+ 52. Kc7 Qf4+ 53. Kd8 Qbb8# 0-1